Le petit larousse illustré

Gespeichert in:
Bibliographische Detailangaben
Format: Buch
Sprache:Undetermined
Veröffentlicht: Paris Larousse 2000
Schlagworte:
Tags: Tag hinzufügen
Keine Tags, Fügen Sie den ersten Tag hinzu!
Thư viện lưu trữ: Trung tâm Học liệu Trường Đại học Cần Thơ
LEADER 00434nam a2200169Ia 4500
001 CTU_192444
008 210402s9999 xx 000 0 und d
020 |c 400000 
082 |a 443 
082 |b P489 
245 0 |a Le petit larousse illustré 
260 |a Paris 
260 |b Larousse 
260 |c 2000 
650 |a French language,Tiếng Pháp 
904 |i Trúc 
980 |a Trung tâm Học liệu Trường Đại học Cần Thơ